| 000 | 01903nam a2200565 c 4500 | ||
|---|---|---|---|
| 001 | a6733296 | ||
| 003 | PE-LiUPU | ||
| 005 | 20250731170501.0 | ||
| 008 | 201103s2020 sp | |||| 000 0 spa | ||
| 020 | _a9788431334420 | ||
| 040 |
_aSpMaBN _bspa _cPE-LiUPU _erda _dPE-LiUPU |
||
| 080 | _a159.942 | ||
| 080 | _a159.923.2 | ||
| 082 |
_223 _a152.4 _bN322h |
||
| 100 | 1 |
_aNavarro i Oriach, Miquel _eautor _4aut |
|
| 245 | 1 | 0 |
_aHacer lo que debo y amar lo que hago : _bguía para fortalecer mi voluntad y aclarar mis sentimientos, relato del debate de diecisiete personas como tú / _cMiquel Navarro i Oriach |
| 264 | 1 |
_aPamplona : _bEUNSA. Ediciones Universidad de Navarra, S.A., _c[2020]. |
|
| 264 | 4 | _c©2020 | |
| 300 |
_a290 páginas : _c22 centímetros. |
||
| 336 |
_aTexto _2rdacontent |
||
| 337 |
_asin mediación _2rdamedia |
||
| 338 |
_avolumen _2rdacarrier |
||
| 490 | 0 | _aEducación | |
| 505 | _aQuiénes somos los afortunados seleccionados? -- La Psicología me ayuda a conocerme -- ¿Y si no me gusta mi carácter? -- Valores que quiero para mí -- ¿Cómo salir de pozo? -- Poco a poco y con tesón, pero ¡vale la pena! -- Al cabo de diez años de hacer lo que debo y amar lo que hago -- Al terminar. | ||
| 526 | _aSEG68 | ||
| 526 | _aSEG70 | ||
| 526 | _aSEG69 | ||
| 526 | _aSEG67 | ||
| 526 | _aSEG43 | ||
| 526 | _aP144 | ||
| 526 | _aP143 | ||
| 526 | _aP131 | ||
| 526 | _aP122 | ||
| 526 | _aP120 | ||
| 526 | _aP117 | ||
| 526 | _aP112 | ||
| 526 | _aP110 | ||
| 526 | _aP106 | ||
| 526 | _aP101 | ||
| 526 | _aP80 | ||
| 526 | _aP59 | ||
| 526 | _aP54 | ||
| 526 | _aP35 | ||
| 526 | _aP33 | ||
| 526 | _aP30 | ||
| 650 | 7 |
_aEmociones y sentimientos _2embne |
|
| 650 | 7 |
_aAutorrealización (Psicología) _2embne |
|
| 942 |
_2ddc _cBK _n0 |
||
| 999 |
_c61728 _d61728 |
||
| 980 |
_618226 _aJaime Vilcazán Jefe de Análisis Documental _81 _gALBERTO SANCHEZ Responsable de Automatización |
||